Normal view
MARC view
- Rizwan,Mahvish
Entry Personal Name
001 - CONTROL NUMBER
- control field: 5099
003 - CONTROL NUMBER IDENTIFIER
- control field: NUST
005 - DATE AND TIME OF LATEST TRANSACTION
- control field: 20170928155312.0
008 - FIXED-LENGTH DATA ELEMENTS
- fixed length control field: 170928|| aca||aabn | a|a d
040 ## - CATALOGING SOURCE
- Original cataloging agency: NUST
- Transcribing agency: NUST
100 ## - HEADING--PERSONAL NAME
- Personal name: Rizwan,Mahvish
670 ## - SOURCE DATA FOUND
- Source citation: Work cat.: (NUST): Rizwan,Mahvish, Performance analysis of correlation measures for nominal data, 2017
